Coup d'oeil sur la constitution géologique de plusieurs provinces de l'Espagne / (Record no. 189568)
[ view plain ]
| 000 -LEADER | |
|---|---|
| campo de control de longitud fija | 01177nam a2200241 i 4500 |
| 001 - NÚMERO DE CONTROL | |
| campo de control | 189568 |
| 003 - IDENTIFICADOR DE NÚMERO DE CONTROL | |
| campo de control | ES-MaACL |
| 005 - FECHA Y HORA DE LA ÚLTIMA TRANSACCIÓN | |
| campo de control | 20250818063118.0 |
| 008 - DATOS DE LONGITUD FIJA--INFORMACIÓN GENERAL | |
| campo de control de longitud fija | 190619s1853 fr f |||| | fre d |
| 100 1# - ENTRADA PRINCIPAL--NOMBRE DE PERSONA | |
| Nombre de persona | Verneuil, Édouard de, |
| Fechas asociadas al nombre | 1805-1873 |
| 9 (RLIN) | 114176 |
| 245 10 - MENCIÓN DEL TÍTULO | |
| Título | Coup d'oeil sur la constitution géologique de plusieurs provinces de l'Espagne / |
| Mención de responsabilidad, etc. | par MM. de Verneuil et Collomb ; suivi d'une description de quelques ossements fossiles du terrain miocène / par Paul Gervais. |
| 260 ## - PUBLICACIÓN, DISTRIBUCIÓN, ETC. | |
| Lugar de publicación, distribución, etc. | Paris : |
| Nombre del editor, distribuidor, etc. | Imp. de L. Martinet, |
| Fecha de publicación, distribución, etc. | 1853. |
| 300 ## - DESCRIPCIÓN FÍSICA | |
| Extensión | 107 p., [5] h. de lám. pleg. ; |
| Dimensiones | 28 cm. |
| 595 ## - | |
| -- | Extrait du Bulletin de la Société Géologique de France, 2e série, t. X, 1853. |
| 650 04 - PUNTO DE ACCESO ADICIONAL DE MATERIA--TÉRMINO DE MATERIA | |
| Término de materia o nombre geográfico como elemento de entrada | Geología- |
| Subdivisión geográfica | España. |
| 9 (RLIN) | 138819 |
| 650 #4 - PUNTO DE ACCESO ADICIONAL DE MATERIA--TÉRMINO DE MATERIA | |
| Término de materia o nombre geográfico como elemento de entrada | Animales fósiles- |
| Subdivisión geográfica | España. |
| 9 (RLIN) | 167373 |
| 700 1# - ENTRADA AGREGADA--NOMBRE PERSONAL | |
| Nombre de persona | Collomb, Edouard. |
| 9 (RLIN) | 39750 |
| 700 1# - ENTRADA AGREGADA--NOMBRE PERSONAL | |
| Nombre de persona | Gervais, Paul. |
| 9 (RLIN) | 56512 |
| 710 2# - ENTRADA AGREGADA--NOMBRE DE ENTIDAD CORPORATIVA | |
| Nombre de entidad corporativa o nombre de jurisdicción como elemento de entrada | Société Géologique de France. |
| 9 (RLIN) | 6859 |
| 852 ## - LOCALIZACIÓN | |
| Ubicación | ES-MaACL |
| Número de control de estantería | L-32448(1) |
| Nota libre | - Enc. cart. |
| -- | . - Legado Federico de Botella y de Hornos |
| -- | - Enc. en un vol. facticio, con tít. en el lomo de: España, geología: memorias varias, 1 |
| 852 ## - LOCALIZACIÓN | |
| Ubicación | ES-MaACL |
| Número de control de estantería | T-994-F-1 |
| Estatus retirado | Estado de pérdida | Estado de daño | No para préstamo | Colección | Biblioteca de origen | Biblioteca actual | Ubicación en estantería | Fecha de adquisición | Fuente de adquisición | Total de préstamos | Signatura topográfica completa | Código de barras | Visto por última vez | Precio de reemplazo | Tipo de ítem Koha |
|---|---|---|---|---|---|---|---|---|---|---|---|---|---|---|---|
| Libros del s. XIX | Biblioteca del Ateneo de Madrid | Biblioteca del Ateneo de Madrid | Depósito 2 | 19/06/2019 | L-32448(1) | 1200874 | 23/02/2023 | 23/02/2023 | Libro impreso antiguo | ||||||
| Colección de folletos | Biblioteca del Ateneo de Madrid | Biblioteca del Ateneo de Madrid | Depósito folletos | 19/06/2019 | T-994-F-1 | 1200875 | 23/02/2023 | 23/02/2023 | Folleto |
